<?xml version="1.0" encoding="UTF-8"?>
<record
    xmlns:xsi="http://www.w3.org/2001/XMLSchema-instance"
    xsi:schemaLocation="http://www.loc.gov/MARC21/slim http://www.loc.gov/standards/marcxml/schema/MARC21slim.xsd"
    xmlns="http://www.loc.gov/MARC21/slim">

  <leader>01168nam a2200265 a 4500</leader>
  <controlfield tag="001">BRCA_1149</controlfield>
  <controlfield tag="005">20190320203313.0</controlfield>
  <controlfield tag="008">020205s2001    sp-a---##b---#100-0#spa-#</controlfield>
  <datafield tag="020" ind1=" " ind2=" ">
    <subfield code="a">8489748977</subfield>
  </datafield>
  <datafield tag="040" ind1=" " ind2=" ">
    <subfield code="a">DLC</subfield>
    <subfield code="c">DLC</subfield>
  </datafield>
  <datafield tag="050" ind1=" " ind2="4">
    <subfield code="a">NA5075</subfield>
    <subfield code="b">.C67 2001</subfield>
  </datafield>
  <datafield tag="245" ind1="1" ind2="0">
    <subfield code="a">Los coros de catedrales y monasterios</subfield>
    <subfield code="b">arte y liturgia : actas del simposio organizado por la Fundaci&#xF3;n Pedro Barri&#xE9; de la Maza en A Coru&#xF1;a, 6-9 de septiembre de 1999</subfield>
    <subfield code="c">edici&#xF3;n a cargo de Ram&#xF3;n Yzquierdo Perr&#xED;n.</subfield>
  </datafield>
  <datafield tag="260" ind1=" " ind2=" ">
    <subfield code="a">A Coru&#xF1;a</subfield>
    <subfield code="b">Fundaci&#xF3;n Pedro Barri&#xE9; de la Maza</subfield>
    <subfield code="c">[2001]</subfield>
  </datafield>
  <datafield tag="300" ind1=" " ind2=" ">
    <subfield code="a">337 p.</subfield>
    <subfield code="b">il. (algunas a color)</subfield>
    <subfield code="c">27 cm.</subfield>
  </datafield>
  <datafield tag="600" ind1="1" ind2="4">
    <subfield code="a">Mateo</subfield>
    <subfield code="c">Maestro</subfield>
    <subfield code="d">fl. 1161-1217</subfield>
    <subfield code="v">Congresos</subfield>
    <subfield code="9">3785</subfield>
  </datafield>
  <datafield tag="600" ind1="1" ind2="4">
    <subfield code="a">Mateo</subfield>
    <subfield code="c">Maestro</subfield>
    <subfield code="d">fl. 1161-1217</subfield>
    <subfield code="v">Congresos.</subfield>
    <subfield code="9">3785</subfield>
  </datafield>
  <datafield tag="610" ind1="2" ind2="4">
    <subfield code="a">Catedral de Santiago de Compostela</subfield>
    <subfield code="9">3786</subfield>
  </datafield>
  <datafield tag="610" ind1="2" ind2="4">
    <subfield code="a">Congresos</subfield>
    <subfield code="9">3787</subfield>
  </datafield>
  <datafield tag="650" ind1="1" ind2="4">
    <subfield code="a">Sillerias de coro</subfield>
    <subfield code="v">Congresos</subfield>
    <subfield code="z">Espa&#xF1;a</subfield>
    <subfield code="9">3788</subfield>
  </datafield>
  <datafield tag="650" ind1="1" ind2="4">
    <subfield code="a">Talla en madera espa&#xF1;ola</subfield>
    <subfield code="v">Congresos</subfield>
    <subfield code="9">3789</subfield>
  </datafield>
  <datafield tag="650" ind1="1" ind2="4">
    <subfield code="a">Sillerias de coro</subfield>
    <subfield code="v">Congresos</subfield>
    <subfield code="z">Conservaci&#xF3;n y restauraci&#xF3;n</subfield>
    <subfield code="9">3790</subfield>
  </datafield>
  <datafield tag="700" ind1="1" ind2=" ">
    <subfield code="a">Yzquierdo Perr&#xED;n, Ram&#xF3;n</subfield>
    <subfield code="9">3791</subfield>
  </datafield>
  <datafield tag="710" ind1="2" ind2=" ">
    <subfield code="a">Fundaci&#xF3;n &#xB4;Pedro Barri&#xE9; de la Maza, Conde de Fenosa&#xB4;</subfield>
    <subfield code="9">3792</subfield>
  </datafield>
  <datafield tag="942" ind1=" " ind2=" ">
    <subfield code="2">lcc</subfield>
    <subfield code="c">B</subfield>
  </datafield>
  <datafield tag="999" ind1=" " ind2=" ">
    <subfield code="c">1026</subfield>
    <subfield code="d">1026</subfield>
  </datafield>
  <datafield tag="952" ind1=" " ind2=" ">
    <subfield code="0">0</subfield>
    <subfield code="1">0</subfield>
    <subfield code="4">0</subfield>
    <subfield code="7">0</subfield>
    <subfield code="a">BRCA</subfield>
    <subfield code="b">BRCA</subfield>
    <subfield code="d">2008-06-26</subfield>
    <subfield code="l">0</subfield>
    <subfield code="o">NA5075 .C67 2001</subfield>
    <subfield code="p">01671</subfield>
    <subfield code="r">2019-03-22 00:00:00</subfield>
    <subfield code="w">2019-03-22</subfield>
    <subfield code="y">B</subfield>
  </datafield>
</record>
